[Event "Gornozavodsk op"]
[Site "Gornozavodsk"]
[Date "2010.11.06"]
[Round "7"]
[White "Chukharev, Sergey"]
[Black "Abashev, Alex"]
[Result "1-0"]
[WhiteElo "2324"]
[BlackElo "2265"]
[PlyCount "57"]
[EventDate "2010.11.01"]
[EventType "swiss"]
[EventRounds "10"]
[EventCountry "RUS"]
[SourceTitle "EXT 2012"]
[Source "ChessBase"]
[SourceDate "2011.11.24"]
[SourceVersion "1"]
[SourceVersionDate "2011.11.24"]
[SourceQuality "1"]

1. c4 c6 2. Nf3 d5 3. e3 Nf6 4. b3 Bg4 5. Bb2 e6 6. Be2 Nbd7 7. 0-0 Bd6 8. d4 0-0 9. Nbd2 Qe7 10. Ne5 Bxe2 11. Qxe2 Ba3 12. Bc3 a5 13. f4 Bb4 14. Qd3 Rfd8 15. c5 Nxe5 16. fxe5 Nd7 17. a3 Bxc3 18. Qxc3 f6 19. exf6 gxf6 20. Nf3 Kh8 21. b4 axb4 22. axb4 Kg8 23. Qd3 e5 24. Nh4 Nf8 25. Nf5 Qe6 26. Rxa8 Rxa8 27. Qe2 exd4 28. Qg4+ Ng6 29. Nh6+ 1-0

[Event "Gornozavodsk Europe-Asia op"]
[Site "Gornozavodsk"]
[Date "2009.11.08"]
[Round "?"]
[White "Abashev, Alex"]
[Black "Inkin, Viktor"]
[Result "1-0"]
[WhiteElo "2241"]
[BlackElo "2130"]
[PlyCount "74"]
[EventDate "2009.11.07"]
[EventType "swiss"]
[EventRounds "11"]
[EventCountry "RUS"]
[SourceTitle "EXT 2012"]
[Source "ChessBase"]
[SourceDate "2011.11.24"]
[SourceVersion "1"]
[SourceVersionDate "2011.11.24"]
[SourceQuality "1"]

1. c4 e6 2. d4 d5 3. Nc3 Be7 4. cxd5 exd5 5. Bf4 Nf6 6. e3 0-0 7. Bd3 h6 8. h3 Bd6 9. Bxd6 Qxd6 10. Nf3 c6 11. Qc2 Nbd7 12. 0-0-0 a5 13. Kb1 b5 14. Ne2 a4 15. Rc1 Ra6 16. g4 Bb7 17. Ng3 Nb6 18. g5 hxg5 19. Nf5 Qd7 20. Nxg5 g6 21. Rhg1 Nc4 22. Bxc4 bxc4 23. Nh6+ Kg7 24. Ngxf7 Ne4 25. f3 Rxf7 26. Nxf7 Qxf7 27. fxe4 dxe4 28. Qxe4 c5 29. Qe5+ Kh7 30. Qxc5 Be4+ 31. Ka1 a3 32. bxa3 Rc6 33. Qg5 Bd3 34. Qh4+ Kg8 35. Qd8+ Kh7 36. Rg4 Be2 37. Rh4+ Bh5 1-0

[Event "Izhevsk op"]
[Site "Izhevsk"]
[Date "2009.07.22"]
[Round "8"]
[White "Abashev, Alex"]
[Black "Sazonov, Artem"]
[Result "1-0"]
[WhiteElo "2256"]
[BlackElo "2163"]
[PlyCount "70"]
[EventDate "2009.07.15"]
[EventType "swiss"]
[EventRounds "9"]
[EventCountry "RUS"]
[SourceTitle "EXT 2010"]
[Source "ChessBase"]
[SourceDate "2010.11.25"]
[SourceVersion "1"]
[SourceVersionDate "2010.11.25"]
[SourceQuality "1"]

1. c4 e5 2. g3 Bc5 3. Bg2 Nf6 4. Nc3 Nc6 5. d3 a6 6. a3 d6 7. Nf3 0-0 8. 0-0 h6 9. e3 Bg4 10. h3 Bh5 11. b4 Ba7 12. Bb2 Re8 13. Qd2 Qd7 14. Ne1 Rab8 15. Rc1 Ne7 16. Nd5 Nfxd5 17. cxd5 f5 18. e4 Rf8 19. exf5 Bf7 20. f6 Nf5 21. fxg7 Kxg7 22. d4 Nxd4 23. Rc4 Bg6 24. Kh2 Rf7 25. f4 Rbf8 26. Nf3 Nxf3+ 27. Bxf3 Kh7 28. Bg4 Qb5 29. Rfc1 exf4 30. Rxf4 Rxf4 31. gxf4 Qb6 32. Re1 h5 33. Re7+ Bf7 34. Bf5+ Kh6 35. Qg2 Qf2 1-0

[Event "Izhevsk op"]
[Site "Izhevsk"]
[Date "2009.07.15"]
[Round "1"]
[White "Ermolaev, Evgeny"]
[Black "Abashev, Alex"]
[Result "1/2-1/2"]
[WhiteElo "1870"]
[BlackElo "2256"]
[PlyCount "112"]
[EventDate "2009.07.15"]
[EventType "swiss"]
[EventRounds "9"]
[EventCountry "RUS"]
[SourceTitle "EXT 2010"]
[Source "ChessBase"]
[SourceDate "2010.11.25"]
[SourceVersion "1"]
[SourceVersionDate "2010.11.25"]
[SourceQuality "1"]

1. e4 c5 2. Nf3 Nc6 3. d4 cxd4 4. Nxd4 Qb6 5. Nb3 Nf6 6. Nc3 e6 7. Be3 Qc7 8. f3 a6 9. Qd2 b5 10. Bf4 Ne5 11. 0-0-0 Rb8 12. Ne2 d6 13. Qa5 Qxa5 14. Nxa5 Bd7 15. Nd4 Rc8 16. Ndb3 Nc4 17. Nxc4 bxc4 18. Nd2 d5 19. Be5 Bc6 20. exd5 Bxd5 21. Bxf6 gxf6 22. Ne4 Bh6+ 23. Kb1 Bxe4 24. fxe4 Be3 25. Rd6 Rg8 26. g3 Ke7 27. Rxa6 Rgd8 28. Be2 Rd2 29. Bh5 Rb8 30. Ra3 Bd4 31. b3 cxb3 32. axb3 Rc8 33. Ra2 Rc3 34. Rd1 Rxd1+ 35. Bxd1 Bg1 36. Bh5 Bxh2 37. Ra7+ Kd6 38. Rxf7 Ke5 39. Rxh7 Bxg3 40. Bg4 Kxe4 41. Bxe6 f5 42. Bc4 f4 43. Re7+ Kd4 44. Rd7+ Ke3 45. Kb2 Rxc4 46. bxc4 f3 47. Re7+ Kd2 48. Rf7 f2 49. c5 Ke2 50. Kb3 f1Q 51. Rxf1 Kxf1 52. Kb4 Ke2 53. c4 Kd3 54. Kb5 Kd4 55. c6 Bd6 56. c5 Bc7 1/2-1/2

[Event "Europe-Asia op"]
[Site "Perm"]
[Date "2008.11.??"]
[Round "4"]
[White "Abashev, Alex"]
[Black "Filipenko, Alexander V"]
[Result "1/2-1/2"]
[WhiteElo "2229"]
[BlackElo "2343"]
[PlyCount "46"]
[EventDate "2008.11.10"]
[EventType "swiss"]
[EventRounds "11"]
[EventCountry "RUS"]
[SourceTitle "EXT 2022"]
[Source "ChessBase"]
[SourceDate "2021.10.06"]
[SourceVersion "1"]
[SourceVersionDate "2021.10.06"]
[SourceQuality "1"]

1. e4 e6 2. d4 d5 3. Nd2 Nf6 4. exd5 exd5 5. Ngf3 Bd6 6. Be2 0-0 7. 0-0 c5 8. Re1 Nc6 9. Nf1 h6 10. Bd2 Qc7 11. Ng3 Re8 12. c3 Bd7 13. a4 Ne4 14. Bd3 f5 15. Bc2 Re7 16. Ne2 g5 17. dxc5 Bxc5 18. Nfd4 Rae8 19. h4 f4 20. Bb3 Qd6 21. Qc2 Rc8 22. Qd3 Ne5 23. Qxe4 Be6 1/2-1/2

[Event "Europe-Asia op"]
[Site "Perm"]
[Date "2008.11.??"]
[Round "9"]
[White "Abashev, Alex"]
[Black "Inkin, Viktor"]
[Result "1-0"]
[WhiteElo "2229"]
[BlackElo "2127"]
[PlyCount "81"]
[EventDate "2008.11.10"]
[EventType "swiss"]
[EventRounds "11"]
[EventCountry "RUS"]
[SourceTitle "EXT 2022"]
[Source "ChessBase"]
[SourceDate "2021.10.06"]
[SourceVersion "1"]
[SourceVersionDate "2021.10.06"]
[SourceQuality "1"]

1. Nf3 e6 2. g3 d5 3. Bg2 Nc6 4. d4 Be7 5. 0-0 Bf6 6. c3 Bd7 7. Nbd2 Nge7 8. e4 dxe4 9. Nxe4 Ng8 10. Nxf6+ Nxf6 11. Bg5 h6 12. Bf4 0-0 13. Ne5 Nd5 14. Nxd7 Qxd7 15. Bd2 Rab8 16. Qg4 Nf6 17. Qd1 b5 18. a3 Na5 19. b3 Nc6 20. f4 Rfd8 21. Be3 a6 22. Bf3 Nd5 23. Bxd5 Qxd5 24. Rc1 Ne7 25. c4 Qe4 26. Qf3 Qxf3 27. Rxf3 c6 28. Bf2 Nf5 29. cxb5 cxb5 30. Rd3 f6 31. g4 Ne7 32. Re1 Kf7 33. f5 exf5 34. Bg3 Rbc8 35. gxf5 Nxf5 36. d5 Nd6 37. Re6 Nf5 38. Rxa6 Nxg3 39. hxg3 Rc5 40. d6 Ke6 41. Re3+ 1-0

[Event "Europe-Asia op"]
[Site "Perm"]
[Date "2008.11.??"]
[Round "11"]
[White "Abashev, Alex"]
[Black "Rozhnev, Ivan"]
[Result "1-0"]
[WhiteElo "2229"]
[BlackElo "2113"]
[PlyCount "27"]
[EventDate "2008.11.10"]
[EventType "swiss"]
[EventRounds "11"]
[EventCountry "RUS"]
[SourceTitle "EXT 2022"]
[Source "ChessBase"]
[SourceDate "2021.10.06"]
[SourceVersion "1"]
[SourceVersionDate "2021.10.06"]
[SourceQuality "1"]

1. d4 f5 2. e4 d6 3. Bc4 Nf6 4. Nc3 g6 5. Bg5 Nxe4 6. Nxe4 fxe4 7. f3 d5 8. Bb3 exf3 9. Nxf3 Bf5 10. Qe2 Qd6 11. 0-0 b6 12. Ne5 c5 13. Rxf5 c4 14. Ba4+ 1-0

[Event "Europe-Asia op"]
[Site "Perm"]
[Date "2008.11.??"]
[Round "10"]
[White "Smirnov, Alexey1111"]
[Black "Abashev, Alex"]
[Result "1-0"]
[WhiteElo "2405"]
[BlackElo "2229"]
[PlyCount "109"]
[EventDate "2008.11.10"]
[EventType "swiss"]
[EventRounds "11"]
[EventCountry "RUS"]
[SourceTitle "EXT 2022"]
[Source "ChessBase"]
[SourceDate "2021.10.06"]
[SourceVersion "1"]
[SourceVersionDate "2021.10.06"]
[SourceQuality "1"]

1. e4 c5 2. c3 Nf6 3. e5 Nd5 4. Nf3 e6 5. d4 cxd4 6. cxd4 Be7 7. Nc3 d6 8. Bd3 Nd7 9. exd6 Bxd6 10. 0-0 N7f6 11. Re1 0-0 12. h3 h6 13. a3 Bd7 14. Bd2 Rc8 15. Rc1 b6 16. Ne4 Be8 17. Bc4 Nc7 18. Nxd6 Qxd6 19. Bb4 Qd7 20. Bxf8 Kxf8 21. Ne5 Qd8 22. Qb3 b5 23. Bf1 Ncd5 24. Rc5 a6 25. Rec1 Rxc5 26. Rxc5 Nd7 27. Rxd5 exd5 28. Qxd5 Qe7 29. Nc6 Qe6 30. Qxe6 fxe6 31. a4 bxa4 32. Bxa6 Nb6 33. Nd8 Ke7 34. Nb7 Bc6 35. Nc5 Kd6 36. f4 Kd5 37. g4 Kxd4 38. Nxe6+ Ke4 39. Nxg7 Kxf4 40. Nf5 Nd5 41. Nxh6 Ne3 42. Nf7 Be8 43. Nd6 Bg6 44. Bb5 Kg3 45. Be8 Bd3 46. g5 Kxh3 47. g6 Nd5 48. Bd7+ Kh4 49. g7 Nf6 50. Be6 Bh7 51. Nf5+ Kg5 52. Ne7 Kh6 53. g8Q Nxg8 54. Bxg8 Bc2 55. Bc4 1-0